1888 1411 1756 1481 1884 1131 1660 1398 1436 1447 1647 1258 1438 1558 1995 1052 1683 1317 1148 1528 1668 1987 1641 1203 1501 1253 1768 1269 1409 1759 1540 1285 1274 1662 1400 1454 1849 1396 1826 1567 1251 1475 1331 1224 1573 1144 1794 1336 1030 1490 1186 1499 1386 1524 1495 1539 1912 1765 1760 1984 1972 1445 1556 1833 1778 1017 1267 2000 1411 1865 1615 1653 1419 1770 1407 1511 1880 1143 1737 1022 1298 1480 1557 1219 1002 1876 1488 1144 1947 1086 1666 1732 1554 1982 1852 1806 1045 1716 1765 BCNSPRNW ULIB Ver.6.0+V

เปลี่ยนเป็นภาษาไทย

Change to English
 แสดงรายละเอียดบรรณานุกรม
  กลับหน้าหลัก

Brief Record : Get Marc (ISO 2709) : E-mail record : QR code < ปิดหน้าต่าง
LEADER : 00000nam 2200000uu 4500
001    13399127289
003     ULIB
008    200402s2559||||th 000 0 tha d
020    ^a9789745877412^c400
060  4 ^aWB115^bต367
245 00 ^aตำราอายุรศาสตร์ อาการวิทยา /^cคณาจารย์ภาควิชาอายุรศาสตร์ คณะแพทยศาสตร์ศิริราชพยาบาล มหาวิทยาลัยมหิดล ; บรรณาธิการ, วันชัย เดชสมฤทธิ์ฤทัย ... [และคนอื่นๆ]
250    ^aฉบับปรับปรุงใหม่พิมพ์เพิ่มเติมครั้งที่ 3
260    ^aกรุงเทพฯ :^bศุภวนิชการพิมพ์,^c2559
300    ^a344 หน้า :^bภาพประกอบ
650  2 ^aอายุรศาสตร์
700 0  ^aวันชัย เดชสมฤทธิ์ฤทัย,^eบรรณาธิการ
710 2  ^aมหาวิทยาลัยมหิดล.^bคณะแพทยศาสตร์ศิริราชพยาบาล.^bคณาจารย์ภาควิชาอายุรศาสตร์
945    ^p400^l0^i28069
945    ^p400^l0^i28070
945    ^p400^l0^i28071
945    ^p400^l0^i28072
945    ^p400^l0^i28073
999    ^aกัณชพร จุลอักษร
รายการนี้ยังไม่มีแท็ก
คุณยังไม่ได้ล็อกอิน คุณสามารถมีกิจกรรมร่วมกับเว็บไซต์ได้ แต่ต้องล็อกอินก่อน ::
  ล็อกอิน

รายการสื่อสารสนเทศ

ลำดับที่ ประเภท เลขเรียก/บาร์โค้ด สถานที่ สถานะ
1. หนังสือสำรอง
หนังสือสำรอง
WB115 ต367 ฉ.1 
  Barcode: 28069
ห้องสมุดวิทยาเขตนครสวรรค์
►หนังสือทั่วไป:l:General Books
บนชั้น
2. วิทยาศาสตร์การแพทย์ และสุขภาพ
วิทยาศาสตร์การแพทย์ และสุขภาพ
WB115 ต367 ฉ.2 
  Barcode: 28070
ห้องสมุดวิทยาเขตนครสวรรค์
►หนังสือทั่วไป:l:General Books
บนชั้น
3. วิทยาศาสตร์การแพทย์ และสุขภาพ
วิทยาศาสตร์การแพทย์ และสุขภาพ
WB115 ต367 ฉ.3 
  Barcode: 28071
ห้องสมุดวิทยาเขตนครสวรรค์
►หนังสือทั่วไป:l:General Books
บนชั้น
4. วิทยาศาสตร์การแพทย์ และสุขภาพ
วิทยาศาสตร์การแพทย์ และสุขภาพ
WB115 ต367 ฉ.4 
  Barcode: 28072
ห้องสมุดวิทยาเขตนครสวรรค์
►หนังสือทั่วไป:l:General Books
บนชั้น
5. วิทยาศาสตร์การแพทย์ และสุขภาพ
วิทยาศาสตร์การแพทย์ และสุขภาพ
WB115 ต367 ฉ.5 
  Barcode: 28073
ห้องสมุดวิทยาเขตนครสวรรค์
►หนังสือทั่วไป:l:General Books
บนชั้น

รายการใกล้เคียง
    หัวเรื่อง [อายุรศาสตร์]

BibComment


ยังไม่เคยถูกคอมเมนท์

คอมเมนท์ทรัพยากรรายการนี้
  คอมเมนท์: ตำราอายุรศาสตร์ ..


 Copyright 2026. Bcnsprnw @Library